000 00668nam a2200217 i 4500
001 96632
003 ES-MaACL
005 20230906181941.0
007 t|
008 050629s1969 sp ||||1| spa d
080 _a398(95)
080 _a308(95)
100 1 _aMallada Cordero, Avelino.
_975789
245 1 3 _aEl extraño mundo de los papúes /
_cAvelino Mallada Cordero ; prólogo de Concha Alós.
260 _aMadrid :
_bStudium,
_c1969.
300 _a209 p., 8 lám. col. y n. ;
_c22 cm.
650 4 _aPapúes-
_xUsos y costumbres.
_9146699
650 4 _aPapúes-
_xSituación social.
_9173808
700 1 _aAlós, Concha.
_920443
852 4 _aES-MaACL
_jC-36444
999 _c96632
_d96632